MARC

LEADER 00000nam0a2200000 4500
001 54027
005 20231101211448.0
035 |a (RuTPU)RU\TPU\book\56634 
090 |a 54027 
100 |a 20030627d1975 m y0rusy50 ca 
101 0 |a rus 
102 |a RU 
105 |a a j 001zy 
200 1 |a Усилительные устройства  |e учебник  |f Г. В. Войшвилло 
210 |a Москва  |c Связь  |d 1975 
215 |a 384 с.  |c ил. 
320 |a Библиогр.: с. 376-377. 
320 |a Предм. указ.: с. 378-379. 
606 1 |a Усилительные устройства  |2 stltpush  |3 (RuTPU)RU\TPU\subj\63398  |9 80427 
610 1 |a схемы 
610 1 |a теория 
610 1 |a транзисторы 
610 1 |a лампы 
610 1 |a усилительные каскады 
610 1 |a учебники 
675 |a 621.375(075.8)  |v 3 
700 1 |a Войшвилло  |b Г. В.  |g Георгий Валерианович 
801 1 |a RU  |b 63413507  |c 20030627  |g PSBO 
801 2 |a RU  |b 63413507  |c 20201009  |g PSBO 
942 |c BK